Vývoj úrokových sadzieb obligácií

Analýza vývoja úrokových sadzieb obligácií ako jedného z dlhových zdrojov financovania podnikov. Záujem podnikov o tento druh financovania vzhľadom na prevládanie obdobia nízkych úrokových sadzieb s nulovými až zápornými hodnotami. Teoretický základ o dlhovom financovaní podnikov pomocou emisie obli...

ver descrição completa

Na minha lista:
Detalhes bibliográficos
Autor principal: Polečová, Petra
Formato: Capítulo de Livro
Idioma:eslovaco
Assuntos:
Tags: Adicionar Tag
Sem tags, seja o primeiro a adicionar uma tag!

MARC

LEADER 00000naa$a2200000$$$4500
001 0270509
005 20240502074235.2
041 0 |a slo 
044 |a SK 
245 1 0 |a Vývoj úrokových sadzieb obligácií  |c Petra Polečová 
520 |a Analýza vývoja úrokových sadzieb obligácií ako jedného z dlhových zdrojov financovania podnikov. Záujem podnikov o tento druh financovania vzhľadom na prevládanie obdobia nízkych úrokových sadzieb s nulovými až zápornými hodnotami. Teoretický základ o dlhovom financovaní podnikov pomocou emisie obligácií. Vývoj úrokových sadzieb obligácií na kapitálovom trhu na základe údajov z Národnej banky Slovenska a Európskej centrálnej banky. Pohľad na vývoj úrokových sadzieb do budúcnosti. 
610 2 0 |a obligácie 
610 2 0 |a financovanie podnikov 
610 2 0 |a sadzby úrokové 
610 2 0 |a trh kapitálový medzinárodný 
610 2 0 |a trh finančný medzinárodný 
610 2 0 |a papiere cenné 
610 2 0 |a Slovensko 
610 2 0 |a Európska centrálna banka 
100 1 |a Polečová, Petra